000 00322nam a22001337a 4500
020 _a0-7126-0424-3
082 _a000
_bRAM/D
100 _aRAMSHAW, MARK
245 _aDISCOVER YOUR ZX SPECTRUM
260 _aLONDON
_bCENTURY PUBLICATIONS
_c1984
300 _a113
650 _aCOMPUTER SCIENCE REFERENCE
_zINDIA
942 _cBK
999 _c1642
_d1642